Paroles Scellé Part.2 - Freeze Corleone, Ashe 22 - Statistiques

Statistiques générales
  • Ce quiz a été pris 25 fois
  • Le résultat moyen est 184 sur 365
Statistiques - réponses
Hint Réponse % Correct
L
100%
à
94%
je
94%
la
94%
94%
La
94%
ma
94%
s/o
94%
le
88%
les
88%
pétasse
88%
Pétasse
88%
Sur
88%
sur
88%
te
88%
de
81%
en
81%
pas
81%
que
81%
tous
81%
comme
75%
Corleone
75%
Intro (Freeze Corleone) Ekip
75%
ekip
75%
J'suis
75%
j'suis
75%
quand
75%
Quand
75%
ça
69%
centimètres
69%
démon
69%
Dieu
69%
Couplet 2 (Ashe 22) Drill
69%
fait
69%
Freeze
69%
Couplet 1 (Freeze Corleone) J'crois
69%
j'invoque
69%
kichta
69%
mère
69%
mettre
69%
ou
69%
69%
pour
69%
pute
69%
rappeurs
69%
sa
69%
s'y
69%
trente
69%
va
69%
veulent
69%
667
63%
Ashe
63%
dans
63%
et
63%
l'rrain-té
63%
LZ
63%
prod
63%
qu'en
63%
té-mon
63%
vie
63%
attaque
56%
bitch
56%
des
56%
envoie
56%
j'cane
56%
jours
56%
mètres
56%
56%
nous
56%
vas-y
56%
cash
50%
faut
50%
fuck
50%
gros
50%
j'te
50%
LDO
50%
l'six
50%
Max
50%
NRM
50%
on
50%
On
50%
si
50%
spécimens
50%
Ton
50%
ton
50%
verra
50%
y
50%
Au
44%
au
44%
Cité
44%
d'essence
44%
dessin
44%
dix
44%
gamos
44%
mène
44%
New
44%
plus
44%
tu
44%
Tu
44%
un
44%
York
44%
20-20
38%
a.k.a
38%
BioTech
38%
boutiques
38%
Chen
38%
concu'
38%
connais
38%
domaines
38%
d'tête
38%
Fantôme
38%
faute
38%
Gelato
38%
inch'Allah
38%
J'ai
38%
j'ai
38%
J'consomme
38%
mais
38%
même
38%
Menace
38%
MMS
38%
octets
38%
Pont (Freeze Corleone) Performe
38%
Ramos
38%
SCAR
38%
Sergio
38%
sont
38%
surface
38%
Zen
38%
bâche
31%
barrettes
31%
ch'nord
31%
cigarette
31%
cookies
31%
Dry
31%
Faygo
31%
flow
31%
FN
31%
fumer
31%
grosse
31%
j'me
31%
j'pue
31%
j'vais
31%
l'ai
31%
loud
31%
lourds
31%
l'trio
31%
marron
31%
Négro
31%
outils
31%
parle
31%
passe
31%
passé
31%
promène
31%
promets
31%
quartier
31%
R.A.F
31%
six
31%
sous
31%
Thanos
31%
vaut
31%
y'a
31%
69
25%
billets
25%
dash
25%
descends
25%
Han
25%
hash
25%
j'fais
25%
j'vois
25%
shit
25%
une
25%
veux
25%
violets
25%
zoner
25%
arracher
19%
baffer
19%
cache
19%
d'café
19%
d'chantier
19%
elle
19%
encore
19%
fais
19%
flash
19%
J'fume
19%
J'roule
19%
lait
19%
l'bracelet
19%
micron
19%
ouais
19%
sonner
19%
sweatshirt
19%
t'faire
19%
toutes
19%
violée
19%
weed
19%
atteint
13%
aux
13%
beat
13%
Beatles
13%
bitchs
13%
chère
13%
c'momment
13%
d'être
13%
du
13%
gova
13%
j'la
13%
j'le
13%
J'tise
13%
kitchen
13%
lyonnais
13%
m'épauler
13%
miauler
13%
per-pom
13%
prends
13%
rien
13%
Salope
13%
ue-r
13%
veut
13%
12
6%
2+3=5
6%
aiment
6%
Baw
6%
casser
6%
c'est
6%
J'arrive
6%
j'aurais
6%
khos
6%
l'huitième
6%
mes
6%
simple
6%
sommet
6%
taudits
6%
tête
6%
t'étonner
6%
vendu
6%
vite
6%
avant
0%
Dry-Dry
0%
j's'rais
0%
Kamoss
0%
l'pitch
0%
ner-tour
0%
potos
0%
Walther
0%
Wookiees
0%
Aucun quiz correspondant
Distribution des résultats
% des personnes avec chaque résultat
Percentile par nombre de réponses
Votre historique - résultats
Vous n’avez pas pris ce quiz